00810 2200289 4500001002100000005001500021035002000036007000300056008004100059040001700100100003200117245008200149250001000231300003300241504002500274020002200299041000800321082001600329084001600345090002000361260003700381500002900418650001000447700002800457850001000485990002500495INLIS00000000000248120260602075531 a0010-0220000332ta260602 0  aSBPUPADbind0 aAbu Salman Farhan Al-Atsary1 aThe Amazing Husnudzon /cAbu Salman Farhan Al-Atsary; Penyunting, Abd. Kholiq aCet.1 aix 184 hlm :bilus. ;c20 cm aBibliografi, hlm 185 a978-979-1149-32-707aind a297.5 ABU t a297.5 ABU t a297.5 ABU t 2-1 aYogyakarta :bQudsi Media,c2017 aBiodata Penulis, hlm 187 4aAgama0 aPenyunting, Abd. Kholiq aPUPAD a31.564/APBD/DPK/2019